000 00724nam a2200229 u 4500
005 20240228063602.0
008 080724s2005 es r 000 0 spa d
020 _a8478649794 (10 dígitos)
020 _a9788478649792 (13 dígitos)
035 _aUPN01000158071
049 _aI
050 4 _aPZ74.9
_bG3.25
100 1 _aGanges, Montse
_931017
245 1 0 _aCúper :
_bcazador de moscas /
_cMontse Ganges, Emilio Urberuaga.
260 _aBarcelona, Esp. :
_bCombel,
_c2005.
300 _a24 p. :
_bil. col.
440 1 _a¿Quieres un perro?
650 4 _aPerros
_vLiteratura infantil
_98585
650 0 _aAnimales
_vCuentos y leyendas
_9234
700 1 _aUrberuaga, Emilio,
_d1954-
_ecoaut.
_931015
905 _aInfantil
999 _c130185
_d130185